| 000 | 00896cam a2200289 4500 | ||
|---|---|---|---|
| 001 | M2046 | ||
| 008 | 090401t1995 xxu||||| |||| 00| 0 eng d | ||
| 035 | _a(Sirsi) u36214 | ||
| 041 | _aeng | ||
| 050 | _a630.026 | ||
| 090 | _a630.026 | ||
| 090 | _aRICS 1995/121A | ||
| 110 |
_aRoyal Institution of Chartered Surveyors _94900 |
||
| 245 | _aRICS Farm Business Tenancy Agreements. | ||
| 260 |
_aLondon _bRICS _c1995 |
||
| 300 | _a3 items in folder | ||
| 350 | _a48 | ||
| 520 | _aContains tenancy agreements for Fixed-Term, Year to Year and Fixed-Term of two years or less: No dwellings. | ||
| 650 | _aPROPERTY-LANDLORD AND TENANT-TENANCIES-AGRICULTURAL TENANCIES | ||
| 650 | _aFARM BUSINESS TENANCIES | ||
| 650 | _aFIXED TERM TENANCIES | ||
| 650 | _aTENANCY AGREEMENTS | ||
| 650 | _aYEAR TO YEAR TENANCIES | ||
| 690 | _aRURAL PRACTICE | ||
| 942 |
_n0 _2ddc |
||
| 948 | _c04/03/1997 | ||
| 999 |
_c90215 _d90215 |
||